[Event "SR 1. liga zapad 2015/2016"]
[Site "?"]
[Date "2015.12.13"]
[Round "6.5"]
[White "Liptak, Tomas"]
[Black "Borik, Juraj"]
[Result "1-0"]
[WhiteElo "2213"]
[BlackElo "2168"]
[PlyCount "65"]
[EventDate "2015.??.??"]

1. e4 e5 2. c4 Nc6 3. Nf3 d6 4. h3 f5 5. Nc3 Nf6 6. Bd3 Be7 7. exf5 O-O 8. Bc2
Nd4 9. g4 Nd7 10. Nxd4 exd4 11. Ne2 c5 12. Be4 Ne5 13. d3 Rb8 14. Nf4 b5 15. b3
bxc4 16. bxc4 Bh4 17. O-O Qe7 18. Ng2 h6 19. Bd5+ Nf7 20. Re1 Qd8 21. Qf3 Kh7
22. Nf4 Ng5 23. Qg2 Qa5 24. Rd1 Re8 25. Bd2 Qd8 26. Ng6 Bxf2+ 27. Kxf2 Re3 28.
Bxe3 dxe3+ 29. Kf1 Qf6 30. Rab1 Bxf5 31. gxf5 Qxf5+ 32. Ke2 Re8 33. h4 1-0

[Event "SR 1. liga zapad 2015/2016"]
[Site "?"]
[Date "2015.12.13"]
[Round "6.5"]
[White "Kovacik, Emil"]
[Black "Kavon, Rastislav"]
[Result "1/2-1/2"]
[WhiteElo "2176"]
[BlackElo "2160"]
[PlyCount "39"]
[EventDate "2015.??.??"]

1. e4 c5 2. Nc3 d6 3. g3 g6 4. Bg2 Bg7 5. d3 e6 6. f4 Ne7 7. Nf3 O-O 8. O-O
Nbc6 9. Be3 Nd4 10. e5 dxe5 11. Nxe5 Rb8 12. Ne4 b6 13. c3 Ndf5 14. Bf2 Bb7 15.
g4 Nd6 16. Bg3 f6 17. Nxd6 Bxg2 18. Kxg2 Qxd6 19. Nc4 Qd5+ 20. Qf3 1/2-1/2

[Event "SR 1. liga zapad 2015/2016"]
[Site "?"]
[Date "2015.12.13"]
[Round "6.5"]
[White "Bango, Lukas"]
[Black "Lazo, Juraj"]
[Result "1-0"]
[WhiteElo "2052"]
[BlackElo "2052"]
[PlyCount "77"]
[EventDate "2015.??.??"]

1. c4 Nf6 2. Nc3 e6 3. Nf3 d5 4. d4 c6 5. Bg5 Nbd7 6. e3 Bb4 7. Qc2 Qa5 8. Nd2
O-O 9. Be2 Re8 10. O-O dxc4 11. Bxf6 Nxf6 12. Nxc4 Qd8 13. Bf3 Bf8 14. Rab1 Bd7
15. b4 Rc8 16. Rfd1 Qc7 17. Qb3 a6 18. Rbc1 Nd5 19. a3 Qb8 20. Ne4 Rcd8 21. Nc5
Bc8 22. g3 h6 23. a4 Bd6 24. Nd3 f6 25. b5 axb5 26. axb5 cxb5 27. Qxb5 Bd7 28.
Qb3 b5 29. Nxd6 Qxd6 30. Nc5 Bc6 31. e4 Nb6 32. e5 fxe5 33. dxe5 Qxe5 34. Rxd8
Rxd8 35. Bxc6 Nc4 36. Bxb5 Nd6 37. Nxe6 Rb8 38. Nf4+ Kh7 39. Bd3+ 1-0

[Event "SR 1. liga zapad 2015/2016"]
[Site "?"]
[Date "2015.12.13"]
[Round "6.5"]
[White "Prasek, Ivan"]
[Black "Puskar, Peter"]
[Result "0-1"]
[WhiteElo "2005"]
[BlackElo "2128"]
[PlyCount "76"]
[EventDate "2015.??.??"]

1. e4 c5 2. Nc3 Nc6 3. f4 g6 4. Nf3 Bg7 5. Bb5 Nd4 6. Bc4 e6 7. O-O Ne7 8. Re1
O-O 9. Bf1 d6 10. g3 Rb8 11. Bg2 f5 12. d3 b5 13. Nb1 b4 14. c3 bxc3 15. bxc3
Nxf3+ 16. Bxf3 Bd7 17. e5 dxe5 18. fxe5 Qa5 19. d4 Ba4 20. Qe2 cxd4 21. cxd4
Rfc8 22. Be3 Rc2 23. Bd2 Qd8 24. Qd3 Rbb2 25. Bd1 Bb5 26. Qe3 Nd5 27. Qf2 Rxa2
28. Rxa2 Rxa2 29. Bb3 Rb2 30. Bg5 Rxf2 31. Bxd8 Rb2 32. Bxd5 exd5 33. Nc3 Bc4
34. Be7 Bh6 35. e6 Bd2 36. Na4 Rb7 37. Rd1 Be3+ 38. Kg2 Rxe7 0-1

[Event "SR 1. liga zapad 2015/2016"]
[Site "?"]
[Date "2015.12.13"]
[Round "6.5"]
[White "Szitkey, Milan"]
[Black "Podoba, Milan"]
[Result "1-0"]
[WhiteElo "2110"]
[BlackElo "2070"]
[PlyCount "71"]
[EventDate "2015.??.??"]

1. e4 e6 2. d4 d5 3. Nd2 Nf6 4. e5 Nfd7 5. Bd3 c5 6. c3 Nc6 7. Ndf3 cxd4 8.
cxd4 f6 9. exf6 Nxf6 10. Ne2 Bd6 11. O-O O-O 12. Bf4 Bxf4 13. Nxf4 Ne4 14. g3
Ng5 15. Ne5 Nxe5 16. dxe5 Rxf4 17. gxf4 Nh3+ 18. Kh1 Nxf4 19. Qf3 Nxd3 20. Qxd3
Bd7 21. Rg1 Bc6 22. Qd4 Qc7 23. Rac1 Rf8 24. Rg4 Qf7 25. Kg1 a6 26. h4 Qf5 27.
Re1 Qh5 28. Re3 Rf5 29. Reg3 g6 30. Rg5 Rxg5 31. Rxg5 Qf3 32. Rg4 Kg7 33. Rf4
Qe2 34. Rf6 Bd7 35. Qf4 Qe1+ 36. Kh2 1-0

[Event "SR 1. liga zapad 2015/2016"]
[Site "?"]
[Date "2015.12.13"]
[Round "6.5"]
[White "Sukuba, Zdeno"]
[Black "Miklas, Marian"]
[Result "1/2-1/2"]
[WhiteElo "2130"]
[BlackElo "2122"]
[PlyCount "39"]
[EventDate "2015.??.??"]

1. c4 c5 2. Nf3 g6 3. g3 Bg7 4. Bg2 Nc6 5. O-O e5 6. d3 Nge7 7. Nc3 O-O 8. a3
d6 9. Rb1 a5 10. Ne1 Be6 11. Nd5 Rb8 12. Nxe7+ Nxe7 13. a4 d5 14. b3 d4 15. Bd2
b6 16. Qc1 Qd7 17. Bh6 Bxh6 18. Qxh6 f6 19. Qd2 Kg7 20. Nc2 1/2-1/2

[Event "SR 1. liga zapad 2015/2016"]
[Site "?"]
[Date "2015.12.13"]
[Round "6.5"]
[White "Drtina, Milan"]
[Black "Bombek, Peter"]
[Result "0-1"]
[WhiteElo "2183"]
[BlackElo "2161"]
[PlyCount "89"]
[EventDate "2015.??.??"]

1. e4 e6 2. e5 d5 3. exd6 Bxd6 4. d4 Nf6 5. Nf3 O-O 6. Bd3 Nbd7 7. O-O c5 8. c3
b6 9. Nbd2 Bb7 10. Nc4 Qc7 11. dxc5 Bxc5 12. Bg5 Ng4 13. Ncd2 Nge5 14. Be4 h6
15. Nxe5 Nxe5 16. Bf4 Bd6 17. Bxe5 Bxe5 18. Bxb7 Qxb7 19. f4 Bd6 20. Qe2 Qc7
21. Qe4 Rfd8 22. Rad1 Rac8 23. g3 Bc5+ 24. Kg2 Rd5 25. Nf3 Rcd8 26. Rxd5 Rxd5
27. Re1 Be7 28. Re2 Bf6 29. Rd2 Qd7 30. Rxd5 exd5 31. Qd3 Qe6 32. h3 g6 33. Nd4
Bxd4 34. Qxd4 Qe4+ 35. Kf2 Qc2+ 36. Kf3 Qxb2 37. Qxd5 Qxc3+ 38. Kg2 Qc2+ 39.
Kf3 Qc3+ 40. Kg2 Kg7 41. g4 b5 42. h4 Qc4 43. Qe5+ Kh7 44. h5 Qxa2+ 45. Kg3 0-1

[Event "SR 1. liga zapad 2015/2016"]
[Site "?"]
[Date "2015.12.13"]
[Round "6.6"]
[White "Motuz, Karol"]
[Black "Gasa, Andrej"]
[Result "0-1"]
[WhiteElo "2334"]
[BlackElo "2302"]
[PlyCount "106"]
[EventDate "2015.??.??"]

1. d4 f5 2. g3 Nf6 3. Bg2 g6 4. Nd2 Bg7 5. Ngf3 O-O 6. O-O d5 7. c4 c6 8. b3
Ne4 9. Bb2 Nd7 10. Rc1 e6 11. b4 Nxd2 12. Nxd2 Nf6 13. Qb3 Bd7 14. a4 a6 15.
Rfd1 h6 16. Nf3 b5 17. cxb5 cxb5 18. a5 Kh7 19. Ne5 Ne8 20. Nd3 Nd6 21. Nc5 Nc4
22. Rc2 Ra7 23. Bc1 Bc8 24. f3 Raf7 25. Qd3 Qe7 26. e4 dxe4 27. fxe4 Rd8 28. d5
e5 29. exf5 gxf5 30. Rxc4 bxc4 31. Qxc4 Qd6 32. Be3 Kh8 33. Rd2 Rf6 34. Ne6 Re8
35. Bc5 Qd7 36. Nxg7 Kxg7 37. d6 f4 38. Be4 Kh8 39. Rg2 Rg8 40. Qd5 Re8 41. g4
Qa4 42. h4 Kg7 43. Kh2 Rf7 44. g5 h5 45. g6 Rf6 46. Qc6 Qxc6 47. Bxc6 Rd8 48.
Rd2 Kxg6 49. d7 Rxc6 50. Rg2+ Kh6 51. dxc8=Q Rdxc8 52. Rd2 Kg6 53. Kg2 Kf5 0-1

[Event "SR 1. liga zapad 2015/2016"]
[Site "?"]
[Date "2015.12.13"]
[Round "6.6"]
[White "Cajka, Tibor"]
[Black "Jakubek, Peter"]
[Result "0-1"]
[WhiteElo "2121"]
[BlackElo "2202"]
[PlyCount "92"]
[EventDate "2015.??.??"]

1. e4 c6 2. d4 d5 3. e5 Bf5 4. Nc3 a6 5. g4 Bg6 6. Nge2 e6 7. h4 h6 8. Nf4 Bh7
9. Bd3 Bxd3 10. Qxd3 c5 11. Be3 Nc6 12. Nh5 Qc7 13. O-O-O g6 14. Nf6+ Nxf6 15.
exf6 O-O-O 16. Ne2 Nb4 17. Qd2 cxd4 18. Bf4 e5 19. a3 d3 20. Nd4 dxc2 21. Nxc2
Nxc2 22. Kb1 Nd4 23. Rc1 Nc6 24. Bg3 d4 25. Rc4 Bd6 26. Rhc1 Kb8 27. Qe2 Rc8
28. Qe4 Rhd8 29. h5 gxh5 30. gxh5 Qd7 31. Qh7 Bf8 32. Qe4 Qd5 33. Qf5 d3 34.
R4c3 Qb5 35. Ka2 d2 36. Rd1 Qe2 37. Qc2 Nd4 38. Qxd2 Qxd2 39. Rxd2 Rxc3 40.
bxc3 Nc6 41. Bxe5+ Kc8 42. Re2 Re8 43. f4 Nxe5 44. fxe5 Bd6 45. Rg2 Bxe5 46.
Rg7 Bxf6 0-1

[Event "SR 1. liga zapad 2015/2016"]
[Site "?"]
[Date "2015.12.13"]
[Round "6.6"]
[White "Obona, Jan"]
[Black "Jozefek, Michal"]
[Result "1/2-1/2"]
[WhiteElo "2209"]
[BlackElo "2229"]
[PlyCount "40"]
[EventDate "2015.??.??"]

1. Nf3 Nf6 2. c4 c5 3. g3 b6 4. Bg2 Bb7 5. Nc3 e6 6. O-O Be7 7. a3 O-O 8. d4
cxd4 9. Nxd4 Bxg2 10. Kxg2 Qc8 11. Qd3 Nc6 12. b3 Rd8 13. Nxc6 Qxc6+ 14. Qf3
Qxf3+ 15. Kxf3 d5 16. cxd5 Nxd5 17. Nxd5 Rxd5 18. Be3 Rb5 19. Rfb1 Rc8 20. b4
f6 1/2-1/2

[Event "SR 1. liga zapad 2015/2016"]
[Site "?"]
[Date "2015.12.13"]
[Round "6.6"]
[White "Jablonicky, Martin"]
[Black "Kukucka, Matej"]
[Result "1-0"]
[WhiteElo "2214"]
[BlackElo "2120"]
[PlyCount "81"]
[EventDate "2015.??.??"]

1. Nf3 Nf6 2. g3 g6 3. b4 Bg7 4. Bb2 O-O 5. Bg2 d5 6. d3 c6 7. Nbd2 a5 8. a3
Bg4 9. c4 dxc4 10. Nxc4 axb4 11. axb4 Na6 12. Qb3 Be6 13. Nd4 Bd5 14. e4 Bxc4
15. Qxc4 Qb6 16. b5 cxb5 17. Qxb5 Qxb5 18. Nxb5 Nc5 19. Ke2 Rxa1 20. Rxa1 Rd8
21. e5 Nd5 22. d4 Ne6 23. Ra7 b6 24. Rb7 h5 25. Na7 Nb4 26. d5 Bh6 27. f4 Nxd5
28. Nc6 Ndxf4+ 29. gxf4 Nxf4+ 30. Kf3 Rd3+ 31. Ke4 Rd2 32. Bc1 Rxg2 33. Bxf4
Rg4 34. Nxe7+ Kg7 35. Nd5 g5 36. e6 gxf4 37. Rxf7+ Kg6 38. Rf6+ Kg7 39. e7 Rg1
40. Re6 Re1+ 41. Kf5 1-0

[Event "SR 1. liga zapad 2015/2016"]
[Site "?"]
[Date "2015.12.13"]
[Round "6.6"]
[White "Srvatka, Igor"]
[Black "Jablonicky, Frantisek"]
[Result "1/2-1/2"]
[WhiteElo "2198"]
[BlackElo "2127"]
[PlyCount "51"]
[EventDate "2015.??.??"]

1. e4 c6 2. d4 d5 3. Nc3 dxe4 4. Nxe4 Nf6 5. Nxf6+ gxf6 6. g3 Qd5 7. Nf3 Bf5 8.
c4 Qe4+ 9. Be2 Qc2 10. O-O Nd7 11. Nh4 Qxd1 12. Rxd1 Bc2 13. Rd2 Be4 14. f3 Bg6
15. Nxg6 hxg6 16. Rd3 Bh6 17. b4 Bxc1 18. Rxc1 O-O-O 19. c5 Nf8 20. Rcd1 e6 21.
R1d2 f5 22. a4 f4 23. b5 fxg3 24. hxg3 Nd7 25. Bf1 Kc7 26. Rb2 1/2-1/2

[Event "SR 1. liga zapad 2015/2016"]
[Site "?"]
[Date "2015.12.13"]
[Round "6.6"]
[White "Spacek, Oliver"]
[Black "Chovanec, Milan"]
[Result "1/2-1/2"]
[WhiteElo "2184"]
[BlackElo "2127"]
[PlyCount "97"]
[EventDate "2015.??.??"]

1. d4 Nf6 2. Nf3 e6 3. Bf4 d5 4. e3 b6 5. c3 Bd6 6. Ne5 Bxe5 7. Bxe5 O-O 8. Nd2
Nbd7 9. Bg3 Re8 10. f4 a5 11. Bh4 Ba6 12. Bxa6 Rxa6 13. e4 dxe4 14. Nxe4 Qa8
15. Nxf6+ Nxf6 16. O-O Ne4 17. f5 exf5 18. Rxf5 Nd6 19. Rf3 Qd5 20. Bg3 Raa8
21. b3 Re4 22. Qd3 Rae8 23. Raf1 f6 24. Rd1 Re2 25. c4 Qe4 26. c5 Qxd3 27.
Rfxd3 bxc5 28. dxc5 Ne4 29. c6 Nxg3 30. Rxg3 Re1+ 31. Rxe1 Rxe1+ 32. Kf2 Rc1
33. Rd3 Rxc6 34. Rd7 Rc2+ 35. Kg1 h6 36. h4 Kh7 37. Kh2 c6 38. Rc7 h5 39. a3
Kh6 40. Ra7 Rc5 41. Rb7 Rb5 42. Ra7 g5 43. hxg5+ fxg5 44. Ra6 Rxb3 45. Rxc6+
Kg7 46. Rc5 Rxa3 47. Rxg5+ Kh6 48. Rc5 Ra2 49. Rf5 1/2-1/2

[Event "SR 1. liga zapad 2015/2016"]
[Site "?"]
[Date "2015.12.13"]
[Round "6.6"]
[White "Mikusik, Marian"]
[Black "Bury, Rastislav"]
[Result "0-1"]
[WhiteElo "2068"]
[BlackElo "2130"]
[PlyCount "66"]
[EventDate "2015.??.??"]

1. d3 d5 2. Nd2 Nf6 3. c4 e5 4. Qc2 Nc6 5. e3 Be6 6. Ngf3 Qd7 7. a3 a5 8. Be2
h6 9. cxd5 Nxd5 10. O-O Be7 11. Rd1 O-O 12. b3 Rfd8 13. Bb2 f6 14. Ne4 Qe8 15.
Nc5 Bf7 16. Rac1 Bxc5 17. Qxc5 Rd7 18. Nd2 Qe7 19. Qc2 Nb6 20. Ne4 a4 21. Nc5
axb3 22. Qb1 Rd5 23. Nxb7 Na5 24. Nxa5 Rdxa5 25. d4 Na4 26. dxe5 Nxb2 27. exf6
Qxf6 28. Rd2 Na4 29. Bc4 b2 30. Bxf7+ Qxf7 31. Rcd1 Qf6 32. Qa2+ Kh8 33. Qc4
Nc3 0-1

[Event "SR 1. liga zapad 2015/2016"]
[Site "?"]
[Date "2015.12.13"]
[Round "6.6"]
[White "Diviak, Rastislav"]
[Black "Capak, Stefan"]
[Result "1/2-1/2"]
[WhiteElo "1942"]
[BlackElo "1995"]
[PlyCount "109"]
[EventDate "2015.??.??"]

1. e4 c5 2. Nf3 d6 3. d4 cxd4 4. Nxd4 Nf6 5. Nc3 a6 6. Be2 e5 7. Nb3 Be6 8. O-O
Be7 9. f4 Qc7 10. Qe1 O-O 11. Qg3 exf4 12. Bxf4 Nbd7 13. Kh1 Ne5 14. Nd4 Rad8
15. Nf5 Bxf5 16. exf5 Rfe8 17. Bh6 Bf8 18. Bg5 Ned7 19. Bf3 Rc8 20. Rad1 Qb6
21. Bc1 Ne5 22. Bd5 Nxd5 23. Nxd5 Qd8 24. Bg5 Qa5 25. Nf6+ gxf6 26. Bxf6+ Ng6
27. fxg6 hxg6 28. Rd4 Re6 29. Rg4 Bg7 30. Bxg7 Kxg7 31. Qf4 f6 32. c3 Qe5 33.
Qa4 Rce8 34. Qc2 f5 35. Rb4 b5 36. Qf2 Qe2 37. Rf4 Qxf2 38. R4xf2 Re4 39. Kg1
R8e5 40. Rd2 d5 41. Rfd1 Re1+ 42. Rxe1 Rxe1+ 43. Kf2 Re5 44. Rd4 Kf6 45. a4 Re4
46. axb5 Rxd4 47. cxd4 axb5 48. Kf3 g5 49. h3 Kg6 50. g3 Kf6 51. h4 Kg6 52. Ke3
f4+ 53. Kf3 fxg3 54. hxg5 Kxg5 55. Kxg3 1/2-1/2

[Event "SR 1. liga zapad 2015/2016"]
[Site "?"]
[Date "2016.01.23"]
[Round "7.1"]
[White "Gazik, Viktor"]
[Black "Chovan, Milan Ml"]
[Result "0-1"]
[WhiteElo "2437"]
[BlackElo "2272"]
[PlyCount "54"]
[EventDate "2015.??.??"]

1. Nf3 Nf6 2. g3 g6 3. Bg2 Bg7 4. O-O O-O 5. d3 d5 6. Nbd2 Nc6 7. e4 dxe4 8.
dxe4 Nd7 9. c3 Nc5 10. Qc2 a5 11. Rd1 Qd3 12. Qxd3 Nxd3 13. Bf1 Nc5 14. Re1 a4
15. a3 Rd8 16. Kg2 b6 17. Ng5 Ne5 18. Ngf3 Ned3 19. Rd1 Bb7 20. Bxd3 Rxd3 21.
Re1 Rad8 22. Nf1 Nxe4 23. Be3 Nc5 24. h3 Nd7 25. N1h2 Ne5 26. Re2 Nxf3 27. Nxf3
R8d6 0-1

[Event "SR 1. liga zapad 2015/2016"]
[Site "?"]
[Date "2016.01.23"]
[Round "7.1"]
[White "Martiska, Peter"]
[Black "Gazik, Igor"]
[Result "1-0"]
[WhiteElo "2235"]
[BlackElo "2306"]
[PlyCount "45"]
[EventDate "2015.??.??"]

1. e4 c5 2. Nf3 Nc6 3. d4 cxd4 4. Nxd4 Nf6 5. Nc3 g6 6. Be3 Bg7 7. Qd2 Ng4 8.
Nxc6 dxc6 9. Qxd8+ Kxd8 10. Rd1+ Ke8 11. Bd4 e5 12. Bc5 Be6 13. Nb5 f5 14. exf5
gxf5 15. Nc7+ Kf7 16. Nxe6 Kxe6 17. Bc4+ Kf6 18. Rd6+ Kg5 19. h4+ Kf4 20. Ke2
Nf6 21. Be3+ Kg4 22. f3+ Kg3 23. Kf1 1-0

[Event "SR 1. liga zapad 2015/2016"]
[Site "?"]
[Date "2016.01.23"]
[Round "7.1"]
[White "Hanko, Pavol"]
[Black "Stehlik, Peter"]
[Result "1-0"]
[WhiteElo "2138"]
[BlackElo "2015"]
[PlyCount "91"]
[EventDate "2015.??.??"]

1. d4 Nf6 2. Nf3 e6 3. c4 Bb4+ 4. Bd2 Qe7 5. g3 b6 6. Bg2 Bb7 7. O-O Bxd2 8.
Nbxd2 O-O 9. Re1 d5 10. Ne5 Nbd7 11. Rc1 c5 12. Nxd7 Nxd7 13. e4 dxe4 14. Nxe4
cxd4 15. Qxd4 Rad8 16. Qe3 Bxe4 17. Bxe4 Nf6 18. Bg2 Qc5 19. a3 Qxe3 20. Rxe3
Rd2 21. b4 Ng4 22. Rec3 Nxf2 23. c5 Nd3 24. Rb1 Ne5 25. c6 Ng6 26. c7 Ne7 27.
Bb7 Nc8 28. a4 f6 29. a5 Rd6 30. axb6 Rxb6 31. Bxc8 Rxc8 32. Rd1 Kf7 33. Rd8
Rxc7 34. Rxc7+ Kg6 35. Rdd7 Rxb4 36. Rxg7+ Kf5 37. Rxa7 h5 38. Rh7 Kg4 39. Ra1
Rb2 40. Rf1 f5 41. Rf2 Rb1+ 42. Kg2 Kg5 43. h4+ Kg6 44. Ra7 Rb3 45. Ra6 Kf6 46.
Re2 1-0

[Event "SR 1. liga zapad 2015/2016"]
[Site "?"]
[Date "2016.01.23"]
[Round "7.1"]
[White "Hlavina, Lubomir Ml"]
[Black "Lakatos, Vladimir"]
[Result "1/2-1/2"]
[WhiteElo "2007"]
[BlackElo "2065"]
[PlyCount "47"]
[EventDate "2015.??.??"]

1. e4 c5 2. Nf3 e6 3. d4 cxd4 4. Nxd4 a6 5. Bd3 Nc6 6. Nxc6 dxc6 7. Be3 Nf6 8.
Nd2 b5 9. a4 Bb7 10. Nb3 Nd7 11. O-O Be7 12. f4 O-O 13. e5 Re8 14. Qh5 g6 15.
Qe2 Qc7 16. Nd2 Nc5 17. Bxc5 Bxc5+ 18. Kh1 Be7 19. Ne4 Red8 20. b3 Rab8 21.
Rfe1 c5 22. axb5 axb5 23. Nc3 b4 24. Ne4 1/2-1/2

[Event "SR 1. liga zapad 2015/2016"]
[Site "?"]
[Date "2016.01.23"]
[Round "7.1"]
[White "Kaniansky, Miroslav"]
[Black "Amrich, Martin"]
[Result "1-0"]
[WhiteElo "2182"]
[BlackElo "1993"]
[PlyCount "79"]
[EventDate "2015.??.??"]

1. d4 Nf6 2. Nf3 d6 3. c4 g6 4. Nc3 Bg7 5. e4 O-O 6. Be2 Nc6 7. d5 Nb8 8. O-O
a5 9. Be3 Na6 10. Nd4 Nc5 11. f3 e5 12. dxe6 fxe6 13. Nb3 Nxb3 14. Qxb3 Nh5 15.
g3 b6 16. Rad1 Qe7 17. Qc2 Bb7 18. Qd2 Rf7 19. Bd4 e5 20. Be3 Raf8 21. c5 Qe6
22. cxb6 Qh3 23. Bc4 d5 24. Nxd5 Kh8 25. Qg2 Qc8 26. Nxc7 Rxc7 27. bxc7 Qxc7
28. b3 Nf6 29. Qd2 a4 30. Qd6 Qc8 31. Kg2 Re8 32. Qc5 Qa8 33. Qa7 Qc8 34. Qxa4
Rf8 35. Qb4 Qa8 36. Bc5 Rb8 37. Bd6 Rd8 38. Bxe5 Rxd1 39. Rxd1 Bxe4 40. Qb8+
1-0

[Event "SR 1. liga zapad 2015/2016"]
[Site "?"]
[Date "2016.01.23"]
[Round "7.1"]
[White "Szakall, Alexander"]
[Black "Detko, Jan"]
[Result "0-1"]
[WhiteElo "1952"]
[BlackElo "2173"]
[PlyCount "56"]
[EventDate "2015.??.??"]

1. c4 e5 2. Nc3 Nc6 3. g3 f5 4. Bg2 Nf6 5. d3 Bb4 6. Qb3 Nd4 7. Qd1 Bxc3+ 8.
bxc3 Nc6 9. Qb3 d6 10. Rb1 O-O 11. e3 e4 12. d4 Na5 13. Qa4 c5 14. Bf1 b6 15.
Qc2 Qe8 16. a4 Ba6 17. Nh3 h6 18. Qa2 Qf7 19. d5 Nd7 20. Nf4 Ne5 21. Be2 Rfe8
22. O-O Re7 23. Rd1 Bxc4 24. Bxc4 Naxc4 25. Qe2 g5 26. Ng2 Nf3+ 27. Kh1 Qh5 28.
h4 Qg4 0-1

[Event "SR 1. liga zapad 2015/2016"]
[Site "?"]
[Date "2016.01.23"]
[Round "7.1"]
[White "Reisel, Frantisek"]
[Black "Hrstka, Samuel"]
[Result "1/2-1/2"]
[WhiteElo "2046"]
[BlackElo "1861"]
[PlyCount "104"]
[EventDate "2015.??.??"]

1. d4 d5 2. c4 c6 3. Nc3 Nf6 4. Nf3 e6 5. e3 Be7 6. Bd3 O-O 7. O-O dxc4 8. Bxc4
b5 9. Bd3 Bb7 10. a3 Nbd7 11. e4 Nb6 12. Qe2 a6 13. e5 Nfd5 14. Ne4 Rc8 15.
Nfg5 g6 16. Qg4 Kg7 17. h4 h6 18. Nxe6+ fxe6 19. Nd6 Rf5 20. Bxh6+ Kh7 21. Nxf5
exf5 22. Bxf5 Qe8 23. h5 Kxh6 24. hxg6 Kg7 25. Rad1 Rd8 26. Rd3 Bc8 27. Rh3
Bxf5 28. Rh7+ Kg8 29. Qxf5 Bf8 30. Rf7 Rd7 31. e6 Re7 32. Qh3 Nf6 33. Rxf6 Rg7
34. Qf5 Nd5 35. Rf7 Ne7 36. Rxg7+ Bxg7 37. Qf7+ Qxf7 38. gxf7+ Kf8 39. g4 Bxd4
40. Rd1 c5 41. b4 Ng6 42. bxc5 Bxc5 43. Rd8+ Kg7 44. g5 Bxa3 45. Rg8+ Kh7 46.
f4 Nxf4 47. f8=Q Bxf8 48. Rxf8 Nxe6 49. Rf7+ Kg8 50. g6 b4 51. Rf6 Nd4 52. Rxa6
Kg7 1/2-1/2

[Event "SR 1. liga zapad 2015/2016"]
[Site "?"]
[Date "2016.01.23"]
[Round "7.1"]
[White "Belak, Juraj"]
[Black "Cabala, Nathan"]
[Result "1/2-1/2"]
[WhiteElo "1848"]
[BlackElo "1832"]
[PlyCount "54"]
[EventDate "2015.??.??"]

1. c4 c6 2. Nc3 d5 3. g3 Nf6 4. Bg2 e6 5. cxd5 exd5 6. d4 Bd6 7. Nf3 O-O 8. O-O
h6 9. Re1 Re8 10. Qc2 Be6 11. e4 dxe4 12. Nxe4 Nxe4 13. Rxe4 Nd7 14. Bd2 Nf6
15. Ree1 Qb6 16. Bc3 Re7 17. Ne5 Ng4 18. Nxg4 Bxg4 19. Rxe7 Bxe7 20. Qe4 Be6
21. Bf1 Bf6 22. Bd3 g6 23. Qe3 Kg7 24. h4 Rd8 25. Bd2 Rh8 26. Bc3 Rd8 27. Bd2
Rh8 1/2-1/2

[Event "SR 1. liga zapad 2015/2016"]
[Site "?"]
[Date "2016.01.23"]
[Round "7.2"]
[White "Sipos, Istvan"]
[Black "Mihok, Oliver"]
[Result "1/2-1/2"]
[WhiteElo "2491"]
[BlackElo "2506"]
[PlyCount "52"]
[EventDate "2015.??.??"]

1. e4 c5 2. Nf3 e6 3. g3 Nc6 4. Bg2 e5 5. O-O g6 6. c3 Bg7 7. Na3 Nge7 8. d4
cxd4 9. cxd4 exd4 10. Nb5 O-O 11. Bf4 d5 12. e5 Bg4 13. Re1 Qb6 14. a4 Bxf3 15.
Bxf3 a6 16. Nd6 Rad8 17. Qd2 Nxe5 18. Bxe5 Bxe5 19. Nxb7 Qxb7 20. Rxe5 Nc6 21.
Rxd5 Qb4 22. Qe2 d3 23. Qxd3 Ne5 24. Qe4 Nxf3+ 25. Qxf3 Rxd5 26. Qxd5 Qxb2
1/2-1/2

[Event "SR 1. liga zapad 2015/2016"]
[Site "?"]
[Date "2016.01.23"]
[Round "7.2"]
[White "Petenyi, Tamas"]
[Black "Berczes, Csaba"]
[Result "1/2-1/2"]
[WhiteElo "2460"]
[BlackElo "2351"]
[PlyCount "82"]
[EventDate "2015.??.??"]

1. e4 d6 2. d4 Nf6 3. Nc3 Nc6 4. d5 Nb8 5. Bg5 e5 6. dxe6 Bxe6 7. Nf3 Be7 8.
Nd4 Bd7 9. Qd2 Nc6 10. O-O-O a6 11. Nxc6 Bxc6 12. Bd3 Qd7 13. Rhe1 h6 14. Bh4
Ng4 15. Bxe7 Qxe7 16. f4 O-O-O 17. h3 Nf6 18. g4 Kb8 19. Nd5 Qe6 20. Nb4 Bb5
21. Bxb5 axb5 22. e5 dxe5 23. Qxd8+ Rxd8 24. Rxd8+ Ka7 25. fxe5 Qe7 26. Rd4 c6
27. a3 Ne8 28. Rf4 Nc7 29. Ref1 Qxe5 30. Rxf7 Kb6 31. Kb1 Qe2 32. Nd3 Nd5 33.
Re1 Qh2 34. Rxg7 Qxh3 35. Nb4 Ne3 36. Nd3 Qg3 37. Re7 Nd5 38. R7e4 Nf6 39. Rf4
Nd5 40. Rfe4 Nf6 41. Rf4 Nd5 1/2-1/2

[Event "SR 1. liga zapad 2015/2016"]
[Site "?"]
[Date "2016.01.23"]
[Round "7.2"]
[White "Farkas, Gabor"]
[Black "Vass, Frantisek Ml"]
[Result "1-0"]
[WhiteElo "2380"]
[BlackElo "2311"]
[PlyCount "77"]
[EventDate "2015.??.??"]

1. d4 d5 2. c4 c6 3. Nf3 Nf6 4. e3 e6 5. b3 Nbd7 6. Bd3 Bd6 7. Bb2 Qe7 8. Ne5
O-O 9. O-O Rd8 10. Nd2 Nf8 11. f4 Ne8 12. c5 Bc7 13. g4 f6 14. Nef3 e5 15. dxe5
Bxg4 16. Qc2 fxe5 17. Nxe5 Bh5 18. Rae1 Nf6 19. Ndf3 Ba5 20. Rc1 Ne6 21. a3 Bc7
22. Nd4 Nxd4 23. Bxd4 Kh8 24. Rf2 Rg8 25. Rg2 Rae8 26. Rg5 Bf7 27. Qg2 Be6 28.
Kh1 Bxe5 29. Bxe5 d4 30. e4 Bxb3 31. Rg1 Qf7 32. Qg3 Be6 33. Qh4 Ref8 34. f5
Bb3 35. R1g3 Bc4 36. Bxf6 gxf6 37. Rxg8+ Rxg8 38. Bxc4 Qxc4 39. Qxf6+ 1-0

[Event "SR 1. liga zapad 2015/2016"]
[Site "?"]
[Date "2016.01.23"]
[Round "7.2"]
[White "Maros, Milan"]
[Black "Janko, Ladislav"]
[Result "1-0"]
[WhiteElo "2319"]
[BlackElo "2164"]
[PlyCount "83"]
[EventDate "2015.??.??"]

1. e4 g6 2. d4 c6 3. Nc3 d5 4. Be3 Bg7 5. Qd2 dxe4 6. Nxe4 Nf6 7. Nxf6+ exf6 8.
O-O-O O-O 9. Bh6 Bxh6 10. Qxh6 Qa5 11. Kb1 Be6 12. b3 Rd8 13. h4 Nd7 14. Bd3
Nf8 15. Ne2 c5 16. h5 cxd4 17. hxg6 fxg6 18. Qh4 Qg5 19. Qh2 Rac8 20. f4 Qg4
21. g3 Rc5 22. Qf2 Bd5 23. Rh4 Qf3 24. Qxd4 Rc6 25. Rh2 Rcd6 26. Rf2 Qg4 27.
Qxa7 Qd7 28. Nc3 Bf7 29. Rfd2 Qc6 30. Ne4 Rd4 31. Qc5 Qxc5 32. Nxc5 b6 33. Na4
Rb8 34. Bb5 Rb4 35. c4 Be8 36. Nc3 Ne6 37. Nd5 Rxb5 38. cxb5 Bxb5 39. Nxf6+ Kg7
40. Nd7 Rb7 41. Rd6 Kf7 42. a4 1-0

[Event "SR 1. liga zapad 2015/2016"]
[Site "?"]
[Date "2016.01.23"]
[Round "7.2"]
[White "Balogh, Peter"]
[Black "Ondrus, Martin"]
[Result "1-0"]
[WhiteElo "2131"]
[BlackElo "2311"]
[PlyCount "41"]
[EventDate "2015.??.??"]

1. d4 d5 2. c4 c6 3. cxd5 cxd5 4. Nc3 Nf6 5. Nf3 Nc6 6. Bf4 a6 7. e3 e6 8. Ne5
Bd7 9. Bd3 Be7 10. a3 O-O 11. g4 Rc8 12. g5 Nxe5 13. Bxe5 Ne8 14. h4 f5 15.
gxf6 Nxf6 16. Qc2 b5 17. Rg1 h6 18. Bh7+ Kh8 19. Rxg7 Kxg7 20. Qg6+ Kh8 21. Bg8
1-0

[Event "SR 1. liga zapad 2015/2016"]
[Site "?"]
[Date "2016.01.23"]
[Round "7.2"]
[White "Kalisky, Vladimir"]
[Black "Takacs, Laszlo"]
[Result "1-0"]
[WhiteElo "2226"]
[BlackElo "2197"]
[PlyCount "77"]
[EventDate "2015.??.??"]

1. e4 c5 2. Nf3 e6 3. c3 Nf6 4. d3 Nc6 5. Be2 Be7 6. O-O O-O 7. a3 Qc7 8. b4 c4
9. Bg5 cxd3 10. Bxd3 d6 11. Qe2 b6 12. Rc1 Bb7 13. Nbd2 Ng4 14. Bf4 Nge5 15.
Ba6 Nxf3+ 16. Nxf3 e5 17. Be3 Bxa6 18. Qxa6 Nb8 19. Qd3 Nd7 20. Nd2 Qb7 21. Nc4
Nf6 22. Bg5 Rad8 23. Rd1 d5 24. exd5 Rxd5 25. Qe2 e4 26. Bh4 Rfd8 27. Ne3 Rd3
28. c4 Qd7 29. h3 h6 30. Rac1 Qe6 31. Bxf6 Bxf6 32. Nd5 Bg5 33. f4 Rxd1+ 34.
Rxd1 Bh4 35. Qg4 Qxg4 36. hxg4 Bg3 37. Nf6+ gxf6 38. Rxd8+ Kg7 39. Re8 1-0

[Event "SR 1. liga zapad 2015/2016"]
[Site "?"]
[Date "2016.01.23"]
[Round "7.2"]
[White "Dvorsky, Jozef"]
[Black "Gorusa, Miroslav"]
[Result "1/2-1/2"]
[WhiteElo "2015"]
[BlackElo "2153"]
[PlyCount "61"]
[EventDate "2015.??.??"]

1. e4 e5 2. Nf3 Nc6 3. Bb5 a6 4. Ba4 Nf6 5. Qe2 b5 6. Bb3 Be7 7. c3 O-O 8. O-O
d6 9. h3 Na5 10. Bc2 c5 11. Rd1 Qc7 12. d3 Bb7 13. Nbd2 Nc6 14. Nf1 d5 15. Ng3
dxe4 16. dxe4 Rfd8 17. Bg5 h6 18. Bd2 Bf8 19. Nf5 Ne7 20. N3h4 Ng6 21. g4 Nxh4
22. Nxh4 Qc6 23. f3 g6 24. Kh2 Kh7 25. Rg1 Be7 26. Ng2 c4 27. Raf1 Bc5 28. Ne3
Qb6 29. Bc1 Qc6 30. Rg3 Bxe3 31. Qxe3 1/2-1/2